Ρουμελιώτικο ημερολόγιο : ετήσια φιλολογική -ιστορική και λαογραφική έκδοση

Αποθηκεύτηκε σε:
Λεπτομέρειες βιβλιογραφικής εγγραφής
Άλλοι συγγραφείς: Σταμέλος, Δημήτρης, 1931-2005
Μορφή: Βιβλίο
Γλώσσα:Greek
Δημοσίευση: Αθήνα : [χ.ε.], 1961.
Θέματα:
Ετικέτες: Προσθήκη ετικέτας
Δεν υπάρχουν, Καταχωρήστε ετικέτα πρώτοι!

MARC

LEADER 00000cam a2200000 a 4500
001 1/114007
008 170518s1961####gr | ||| |||| ||gre||
040 |a GR-MyUa  |b gre  |c GR-MyUa  |e AACR2 
041 0 |a gre 
082 7 |a 390.09495   |2 (23) 
245 1 0 |a Ρουμελιώτικο ημερολόγιο :   |b ετήσια φιλολογική -ιστορική και λαογραφική έκδοση /   |c διευθυντής Δημήτρης Σταματέλος.  
260 |a Αθήνα :   |b [χ.ε.],   |c 1961.  
300 |a 173 σ. ;   |c 21 εκ.  
500 |a Χρόνος Πέμπτος, 1961.  
650 0 |a Folklore  |z Greece  |z Roumele. 
650 0 |a Calendars. 
700 1 |a Σταμέλος, Δημήτρης,   |d 1931-2005. 
852 |a INST  |b LESVOS  |e 20170518  |h 390.09495 ΡΟΥ  |p 005100059235  |q 005100059235  |t BK  |y 0 
970 |a Τζαφέρη  |b Ευαγγελία  |z 18-05-2017